| 000 | 00467nam a22001577a 4500 | ||
|---|---|---|---|
| 003 | NUST | ||
| 005 | 20220902164458.0 | ||
| 008 | 180723b ||||| |||| 00| 0 eng d | ||
| 038 | _a0 | ||
| 082 | _a331.702 | ||
| 100 | _4Hafsa S. Ahmad | ||
| 245 | _aThe Relationship Between Parenting Styles and Vocational Identity: Mediating Roles of Stress and Self-Esteem | ||
| 300 | _a80p | ||
| 856 | _uhttp://10.250.8.41:8080/xmlui/handle/123456789/6472 | ||
| 942 |
_2ddc _cTHE |
||
| 999 |
_c478805 _d478805 |
||